000 00820nam a22002057a 4500
999 _c21559
_d21559
003 AR-CdUCM
008 190312b ||||| |||| 00| 0 spa d
020 _a9789587714548
040 _aMUNICIPALIDAD PROVINCIAL DEL CUSCO
_cBIBLIOTECA MUNICIPAL DEL CUSCO
082 _a346.022/P42
_bP42
_2sexta
100 _aPeña Nossa, Lisandro
_945356
245 _aContratos empresariales nacionales e internacionales :
_bconozca los contratos que le darán estabilidad y rentabilidad a su negocio /
_cLisandro Peña Nossa
260 _aBogotá :
_bEcoe,
_bUniversidad del Rosario,
_c2019.
300 _a793 páginas. :
_c24 cm.
650 _aContratos comerciales Colombia
_945357
650 _aContratos comerciales internacionales
_945358
650 _aResponsabilidad contractual
_945359
942 _2ddc
_cLIBROS
945 _aRoel